[Event "Open Praha 2018 - A"]
[Site "?"]
[Date "2018.01.13"]
[Round "2"]
[White "Jurcik, Marian"]
[Black "Solozhenkina, Elizaveta"]
[Result "1/2-1/2"]
[BlackElo "2190"]
[WhiteElo "2460"]
[LiveChessVersion "1.4.8"]

1. e4 {[%clk 1:30:54]} c6 {[%clk 1:30:54]} 2. d4 {[%clk 1:31:08]} d5
{[%clk 1:31:21]} 3. exd5 {[%clk 1:31:31]} cxd5 {[%clk 1:31:47]} 4. Bd3
{[%clk 1:31:48]} Nc6 {[%clk 1:32:12]} 5. c3 {[%clk 1:32:05]} Nf6 {[%clk 1:32:34]}
6. h3 {[%clk 1:32:13]} g6 {[%clk 1:31:52]} 7. Bf4 {[%clk 1:32:27]} Bf5
{[%clk 1:31:44]} 8. Be2 {[%clk 1:32:47]} Bg7 {[%clk 1:26:38]} 9. Nf3
{[%clk 1:32:10]} O-O {[%clk 1:26:14]} 10. Nbd2 {[%clk 1:30:40]} Ne4
{[%clk 1:21:14]} 11. O-O {[%clk 1:29:25]} a6 {[%clk 1:13:22]} 12. Re1
{[%clk 1:17:58]} Re8 {[%clk 1:06:53]} 13. Bf1 {[%clk 1:16:16]} b5
{[%clk 0:49:51]} 14. a3 {[%clk 1:00:26]} Na5 {[%clk 0:43:01]} 15. Nxe4
{[%clk 0:36:33]} Bxe4 {[%clk 0:43:22]} 16. Nd2 {[%clk 0:34:03]} Bf5
{[%clk 0:43:44]} 17. b4 {[%clk 0:28:51]} Nc4 {[%clk 0:42:56]} 18. Nb3
{[%clk 0:27:28]} Qb6 {[%clk 0:35:48]} 19. Nc5 {[%clk 0:26:29]} a5
{[%clk 0:29:23]} 20. Qf3 {[%clk 0:25:01]} axb4 {[%clk 0:19:10]} 21. axb4
{[%clk 0:24:32]} Qc6 {[%clk 0:18:45]} 22. Bxc4 {[%clk 0:23:50]} bxc4
{[%clk 0:18:58]} 23. b5 {[%clk 0:18:26]} Qxb5 {[%clk 0:12:06]} 24. Rxa8
{[%clk 0:17:46]} Rxa8 {[%clk 0:12:31]} 25. Rxe7 {[%clk 0:13:40]} Rd8
{[%clk 0:08:39]} 26. g4 {[%clk 0:07:57]} Be4 {[%clk 0:03:56]} 27. Nxe4
{[%clk 0:07:55]} Qb1+ {[%clk 0:03:23]} 28. Kg2 {[%clk 0:08:03]} dxe4
{[%clk 0:03:49]} 29. Qxe4 {[%clk 0:07:38]} Qxe4+ {[%clk 0:04:08]} 30. Rxe4
{[%clk 0:08:06]} h6 {[%clk 0:03:29]} 31. Re7 {[%clk 0:07:33]} Ra8
{[%clk 0:02:32]} 32. Rc7 {[%clk 0:07:15]} Ra4 {[%clk 0:02:58]} 33. Rc8+
{[%clk 0:07:19]} Kh7 {[%clk 0:03:24]} 34. Kf3 {[%clk 0:06:02]} Bf6
{[%clk 0:02:13]} 35. Ke4 {[%clk 0:05:59]} Kg7 {[%clk 0:01:17]} 36. Kd5
{[%clk 0:05:31]} Ra2 {[%clk 0:00:49]} 37. Bg3 {[%clk 0:04:24]} h5
{[%clk 0:00:47]} 38. gxh5 {[%clk 0:04:47]} gxh5 {[%clk 0:01:15]} 39. h4
{[%clk 0:04:45]} Ra1 {[%clk 0:01:10]} 40. Kxc4 {[%clk 0:02:54]} Rh1
{[%clk 0:01:34]} 41. Rc5 {[%clk 0:29:06]} Kg6 {[%clk 0:31:16]} 42. Rc6
{[%clk 0:29:17]} Kf5 {[%clk 0:31:11]} 43. Rc7 {[%clk 0:28:59]} Kg6
{[%clk 0:29:43]} 44. Kd3 {[%clk 0:24:24]} Bxh4 {[%clk 0:24:46]} 45. Bxh4
{[%clk 0:24:34]} Rxh4 {[%clk 0:25:12]} 46. Ke3 {[%clk 0:21:47]} Rh1
{[%clk 0:22:16]} 47. Kf3 {[%clk 0:21:40]} Rg1 {[%clk 0:22:16]} 48. Rc8
{[%clk 0:21:47]} Kg7 {[%clk 0:22:10]} 49. Re8 {[%clk 0:17:21]} h4
{[%clk 0:19:54]} 50. Re4 {[%clk 0:16:55]} h3 {[%clk 0:19:35]} 51. Rh4
{[%clk 0:17:19]} Rc1 {[%clk 0:19:55]} 52. Rxh3 {[%clk 0:15:41]} Rxc3+
{[%clk 0:20:22]} 53. Kg4 {[%clk 0:15:34]} Rc4 {[%clk 0:10:43]} 54. Rd3
{[%clk 0:15:53]} Kf6 {[%clk 0:11:10]} 55. Kf4 {[%clk 0:15:11]} Ra4
{[%clk 0:09:26]} 56. Ke4 {[%clk 0:14:48]} Ke6 {[%clk 0:09:10]} 57. Rb3
{[%clk 0:14:00]} Ra2 {[%clk 0:05:11]} 58. Rb6+ {[%clk 0:12:38]} Ke7
{[%clk 0:05:01]} 59. f4 {[%clk 0:12:28]} Re2+ {[%clk 0:05:00]} 60. Kf5
{[%clk 0:11:22]} Rd2 {[%clk 0:04:49]} 61. Rb7+ {[%clk 0:09:25]} Ke8
{[%clk 0:04:38]} 62. Kf6 {[%clk 0:03:04]} Rxd4 {[%clk 0:04:34]} 63. Rb8+
{[%clk 0:03:31]} Kd7 {[%clk 0:04:55]} 64. f5 {[%clk 0:03:58]} Rf4
{[%clk 0:02:24]} 65. Rb7+ {[%clk 0:02:30]} Ke8 {[%clk 0:02:33]} 66. Rb8+
{[%clk 0:01:41]} Kd7 {[%clk 0:02:53]} 67. Rf8 {[%clk 0:02:06]} Rf1
{[%clk 0:02:22]} 68. Rxf7+ {[%clk 0:02:14]} Ke8 {[%clk 0:02:50]} 69. Ra7
{[%clk 0:02:08]} Rf2 {[%clk 0:02:59]} 70. Ra8+ {[%clk 0:01:23]} Kd7
{[%clk 0:03:22]} 71. Rh8 {[%clk 0:01:21]} Rf1 {[%clk 0:03:29]} 72. Rg8
{[%clk 0:00:41]} Rf2 {[%clk 0:03:31]} 73. Rg5 {[%clk 0:00:50]} Ke8
{[%clk 0:03:34]} 74. Rg8+ {[%clk 0:00:58]} Kd7 {[%clk 0:04:03]} 75. Rg5
{[%clk 0:01:22]} Ke8 {[%clk 0:04:27]} 76. Kg6 {[%clk 0:00:35]} Ke7
{[%clk 0:03:13]} 77. Rg4 {[%clk 0:00:36]} Rf1 {[%clk 0:02:58]} 78. Re4+
{[%clk 0:00:45]} Kf8 {[%clk 0:03:27]} 79. Rb4 {[%clk 0:00:54]} Ke7
{[%clk 0:02:01]} 80. Rb7+ {[%clk 0:01:01]} Kf8 {[%clk 0:01:16]} 81. Kf6
{[%clk 0:01:10]} Kg8 {[%clk 0:00:41]} 82. Rb8+ {[%clk 0:01:08]} Kh7
{[%clk 0:01:09]} 83. Rb4 {[%clk 0:00:34]} Kg8 {[%clk 0:01:27]} 84. Rb8+
{[%clk 0:00:35]} Kh7 {[%clk 0:01:53]} 85. Rb5 {[%clk 0:00:32]} Kg8
{[%clk 0:02:06]} 86. Re5 {[%clk 0:00:52]} Rf2 {[%clk 0:01:57]} 87. Rd5
{[%clk 0:00:38]} Rf1 {[%clk 0:02:18]} 88. Rd8+ {[%clk 0:00:34]} Kh7
{[%clk 0:02:47]} 89. Rb8 {[%clk 0:00:38]} Rf2 {[%clk 0:02:22]} 90. Rc8
{[%clk 0:00:37]} Rf1 {[%clk 0:02:47]} 91. Rc5 {[%clk 0:00:49]} Kg8
{[%clk 0:03:05]} 92. Re5 {[%clk 0:00:42]} Rf2 {[%clk 0:03:23]} 93. Rd5
{[%clk 0:00:35]} Rf1 {[%clk 0:03:37]} 94. Rd2 {[%clk 0:00:42]} Rf3 95. Rg2+
{[%clk 0:00:45]} Kf8 {[%clk 0:03:47]} 96. Kg6 {[%clk 0:00:42]} Ke7
{[%clk 0:04:05]} 97. Rg1 {[%clk 0:00:36]} Rf2 {[%clk 0:04:29]} 98. Rg5
{[%clk 0:00:38]} Kf8 {[%clk 0:04:17]} 99. Rh5 {[%clk 0:00:43]} Rf1
{[%clk 0:03:24]} 100. Rh8+ {[%clk 0:00:54]} Ke7 {[%clk 0:03:54]} 101. Rh7+
{[%clk 0:01:18]} Kf8 {[%clk 0:04:16]} 102. Rf7+ {[%clk 0:01:04]} Kg8
{[%clk 0:04:24]} 103. Ra7 {[%clk 0:00:41]} Kf8 {[%clk 0:04:41]} 104. Ra6
{[%clk 0:00:35]} Rf2 {[%clk 0:04:54]} 105. Kf6 {[%clk 0:00:38]} Kg8
{[%clk 0:04:39]} 106. Re6 {[%clk 0:00:34]} Rf1 {[%clk 0:04:50]} 107. Re8+
{[%clk 0:00:36]} Kh7 {[%clk 0:05:19]} 108. Ke6 {[%clk 0:00:49]} Kg7
{[%clk 0:04:55]} 109. Re7+ {[%clk 0:01:05]} Kf8 {[%clk 0:05:14]} 110. Rc7
{[%clk 0:01:03]} Kg8 {[%clk 0:05:24]} 111. Rc5 {[%clk 0:00:38]} Kg7
{[%clk 0:05:37]} 112. Rc7+ {[%clk 0:00:39]} Kg8 {[%clk 0:05:29]} 113. Kf6
{[%clk 0:00:37]} Rf2 {[%clk 0:05:48]} 114. Rc1 {[%clk 0:00:43]} Rf3
{[%clk 0:05:56]} 115. Rg1+ {[%clk 0:00:43]} Kf8 {[%clk 0:06:16]} 116. Rg5
{[%clk 0:00:49]} Rf1 {[%clk 0:06:35]} 117. Kg6 {[%clk 0:00:53]} Ke7
{[%clk 0:06:58]} 118. Rg3 {[%clk 0:00:52]} Rf2 {[%clk 0:07:07]} 119. Re3+
{[%clk 0:00:59]} Kf8 {[%clk 0:07:35]} 120. Kf6 {[%clk 0:00:36]} Rf1
{[%clk 0:07:52]} 121. Ke6 {[%clk 0:00:49]} Kg7 122. Re2 {[%clk 0:00:46]} Rf3
{[%clk 0:07:59]} 123. Rg2+ {[%clk 0:01:05]} Kf8 {[%clk 0:08:27]} 124. Kf6
{[%clk 0:01:05]} 1/2-1/2

[Event "Open Praha 2018 - A"]
[Site "?"]
[Date "2018.01.13"]
[Round "2"]
[White "Harshini, A"]
[Black "Neuman, Petr"]
[Result "0-1"]
[BlackElo "2452"]
[WhiteElo "2185"]
[LiveChessVersion "1.4.8"]

1. e4 {[%clk 1:30:52]} c5 {[%clk 1:15:41]} 2. Nf3 {[%clk 1:31:08]} d6
{[%clk 1:16:08]} 3. d4 {[%clk 1:31:33]} cxd4 {[%clk 1:16:35]} 4. Nxd4
{[%clk 1:31:56]} Nf6 {[%clk 1:17:01]} 5. Nc3 {[%clk 1:32:21]} Nc6
{[%clk 1:17:28]} 6. Be2 {[%clk 1:30:54]} g6 {[%clk 1:17:51]} 7. Be3
{[%clk 1:30:17]} Bg7 {[%clk 1:18:16]} 8. f3 {[%clk 1:27:47]} O-O {[%clk 1:18:36]}
9. Qd2 {[%clk 1:28:12]} Bd7 {[%clk 1:10:15]} 10. O-O-O {[%clk 1:28:12]} Nxd4
{[%clk 1:10:35]} 11. Bxd4 {[%clk 1:28:03]} Qa5 {[%clk 1:10:30]} 12. Kb1
{[%clk 1:26:33]} Rfc8 {[%clk 1:10:19]} 13. Nd5 {[%clk 1:25:09]} Qxd2
{[%clk 1:10:25]} 14. Nxf6+ {[%clk 1:24:49]} Bxf6 {[%clk 1:10:45]} 15. Rxd2
{[%clk 1:25:12]} Bxd4 {[%clk 1:10:55]} 16. Rxd4 {[%clk 1:25:33]} Be6
{[%clk 1:11:18]} 17. c4 Kg7 18. b3 {[%clk 1:19:21]} g5 {[%clk 1:10:56]} 19. h4
{[%clk 1:09:37]} h6 {[%clk 1:11:22]} 20. Kc2 {[%clk 1:06:40]} b5 {[%clk 1:09:44]}
21. hxg5 {[%clk 1:05:26]} hxg5 22. Kd2 {[%clk 1:03:27]} bxc4 {[%clk 1:07:29]} 23.
Bxc4 {[%clk 1:02:08]} Bxc4 {[%clk 1:07:55]} 24. bxc4 {[%clk 1:02:13]} Rab8
{[%clk 1:08:12]} 25. Kc3 {[%clk 0:59:35]} Rc6 {[%clk 1:01:00]} 26. Rd5
{[%clk 0:50:11]} f6 {[%clk 1:01:02]} 27. Ra5 {[%clk 0:48:32]} a6 {[%clk 1:01:02]}
28. Rc1 {[%clk 0:47:35]} Kf7 {[%clk 1:00:47]} 29. Rc2 {[%clk 0:45:22]} Ke6
{[%clk 1:00:14]} 30. Kd3 {[%clk 0:41:49]} Rb4 {[%clk 0:58:49]} 31. g3
{[%clk 0:36:06]} Rb1 {[%clk 0:55:12]} 32. Ke3 {[%clk 0:33:53]} Rg1
{[%clk 0:53:47]} 33. Kf2 {[%clk 0:30:49]} Rh1 {[%clk 0:54:13]} 34. Kg2
{[%clk 0:30:10]} Rb1 {[%clk 0:54:31]} 35. Kf2 {[%clk 0:28:44]} Kd7
{[%clk 0:51:38]} 36. f4 {[%clk 0:15:16]} g4 {[%clk 0:50:46]} 37. e5
{[%clk 0:14:04]} dxe5 {[%clk 0:50:57]} 38. fxe5 {[%clk 0:14:12]} f5
{[%clk 0:51:17]} 39. Rc3 {[%clk 0:06:13]} Ke6 {[%clk 0:47:02]} 40. Ke3
{[%clk 0:04:27]} Rf1 {[%clk 0:47:02]} 41. Ke2 {[%clk 0:02:55]} Rg1
{[%clk 0:43:14]} 42. Kf2 {[%clk 0:03:11]} Rb1 {[%clk 0:38:45]} 43. Ke3
{[%clk 0:02:42]} Re1+ {[%clk 0:38:57]} 44. Kf4 {[%clk 0:01:39]} Rf1+
{[%clk 0:39:22]} 45. Kg5 {[%clk 0:29:58]} Rf3 {[%clk 1:08:18]} 46. Rb3
{[%clk 0:19:16]} Rf2 {[%clk 1:05:20]} 47. Rba3 {[%clk 0:13:33]} Rc2
{[%clk 1:04:30]} 48. Rxa6 {[%clk 0:13:08]} R2xc4 {[%clk 1:04:47]} 49. Rxc6+
{[%clk 0:12:45]} Rxc6 {[%clk 1:05:15]} 50. Ra5 {[%clk 0:11:04]} Rc8
{[%clk 1:02:15]} 51. Kf4 {[%clk 0:08:30]} Rc4+ {[%clk 1:02:40]} 52. Kg5
{[%clk 0:08:55]} Rd4 {[%clk 1:01:45]} 53. Ra6+ {[%clk 0:06:22]} Kxe5
{[%clk 1:02:07]} 54. Ra5+ {[%clk 0:06:49]} Ke4 {[%clk 1:02:06]} 55. Rxf5
{[%clk 0:06:46]} e5 {[%clk 1:02:15]} 56. Kxg4 {[%clk 0:05:43]} Ra4
{[%clk 1:01:59]} 57. Kg5 {[%clk 0:03:19]} Kd4 {[%clk 1:00:27]} 58. g4
{[%clk 0:03:24]} e4 {[%clk 1:00:52]} 59. Kh5 {[%clk 0:02:05]} e3 {[%clk 1:00:43]}
60. Rf4+ {[%clk 0:01:37]} Kd3 {[%clk 1:01:01]} 61. Rxa4 {[%clk 0:02:02]} e2
{[%clk 1:01:16]} 62. Rf4 {[%clk 0:02:01]} e1=Q {[%clk 1:01:39]} 63. Rf5
{[%clk 0:01:34]} Qe8+ {[%clk 1:01:43]} 64. Kh4 {[%clk 0:01:27]} Ke4
{[%clk 1:02:01]} 65. Kg3 {[%clk 0:01:40]} Qb8+ {[%clk 1:01:57]} 66. Kh4
{[%clk 0:01:58]} Qh2+ {[%clk 1:02:22]} 67. Kg5 {[%clk 0:02:13]} Qxa2
{[%clk 1:02:43]} 68. Rf4+ {[%clk 0:02:22]} Ke5 {[%clk 1:01:38]} 69. Rf5+
{[%clk 0:02:50]} Ke6 {[%clk 1:02:01]} 70. Kh5 {[%clk 0:02:17]} Qh2+
{[%clk 1:02:14]} 71. Kg5 {[%clk 0:02:41]} Qh8 {[%clk 1:02:30]} 72. Kf4
{[%clk 0:02:54]} Qh6+ {[%clk 1:02:50]} 73. Kf3 {[%clk 0:02:53]} Qh2
{[%clk 1:02:46]} 74. Rh5 {[%clk 0:03:05]} Qg1 {[%clk 1:03:12]} 75. Rf5
{[%clk 0:03:17]} Qe1 {[%clk 1:03:27]} 76. Rh5 {[%clk 0:02:30]} Kf6
{[%clk 1:03:49]} 77. Rf5+ {[%clk 0:02:56]} Kg6 {[%clk 1:04:16]} 78. Rh5
{[%clk 0:03:21]} Qc3+ {[%clk 1:04:24]} 79. Kf4 {[%clk 0:03:33]} Qd4+
{[%clk 1:04:24]} 80. Kf3 {[%clk 0:03:52]} Qd3+ {[%clk 1:04:48]} 81. Kf4
{[%clk 0:04:18]} Qf1+ {[%clk 1:05:11]} 82. Kg3 {[%clk 0:04:42]} Qe2
{[%clk 1:04:51]} 83. Rf5 {[%clk 0:04:23]} Qe3+ {[%clk 1:05:16]} 84. Kg2
{[%clk 0:02:20]} Qe2+ {[%clk 1:03:44]} 85. Kg3 {[%clk 0:02:45]} Qe1+
{[%clk 1:04:11]} 86. Kf3 {[%clk 0:03:04]} Qg1 {[%clk 1:01:03]} 87. Rh5
{[%clk 0:03:20]} Qd1+ {[%clk 1:00:59]} 88. Kg3 {[%clk 0:03:36]} Qd3+
{[%clk 1:01:05]} 89. Kf4 {[%clk 0:03:55]} Qc3 {[%clk 1:00:19]} 90. Rf5
{[%clk 0:04:18]} Qh3 {[%clk 1:00:12]} 91. Rh5 {[%clk 0:04:40]} Qg2
{[%clk 1:00:36]} 92. Rg5+ {[%clk 0:04:26]} Kf6 {[%clk 1:01:01]} 93. Rf5+
{[%clk 0:04:52]} Ke6 {[%clk 1:01:28]} 94. Re5+ {[%clk 0:05:02]} Kd6
{[%clk 1:01:53]} 95. Rf5 {[%clk 0:05:18]} Qf2+ {[%clk 1:01:46]} 96. Kg5
{[%clk 0:05:46]} Qh2 {[%clk 1:02:06]} 97. Kg6 {[%clk 0:03:13]} Qh4
{[%clk 1:02:26]} 98. Rf6+ {[%clk 0:03:36]} Ke7 {[%clk 1:02:44]} 99. g5
{[%clk 0:03:45]} Qh3 {[%clk 1:01:44]} 100. Rf7+ {[%clk 0:02:33]} Ke6
{[%clk 1:01:48]} 101. Rf6+ {[%clk 0:02:39]} Ke5 {[%clk 1:01:27]} 102. Kg7
{[%clk 0:02:15]} Qh4 {[%clk 0:58:36]} 103. Kg6 {[%clk 0:02:32]} Qh8
{[%clk 0:56:42]} 104. Rf5+ {[%clk 0:02:35]} Kd4 {[%clk 0:57:01]} 105. Rf4+
{[%clk 0:01:28]} Ke3 {[%clk 0:57:14]} 106. Rf7 {[%clk 0:00:49]} Qg8+
{[%clk 0:57:18]} 107. Kf6 {[%clk 0:00:55]} Kf4 {[%clk 0:57:07]} 108. g6
{[%clk 0:00:58]} Qd8+ {[%clk 0:57:02]} 109. Ke6+ {[%clk 0:00:39]} Kg5
{[%clk 0:57:01]} 110. g7 {[%clk 0:00:42]} Qg8 {[%clk 0:56:33]} 111. Ke7
{[%clk 0:00:50]} Kg6 {[%clk 0:56:40]} 112. Rf6+ {[%clk 0:00:47]} Kxg7
{[%clk 0:57:05]} 113. Re6 {[%clk 0:01:13]} Qc8 {[%clk 0:57:09]} 114. Rd6
{[%clk 0:01:14]} Qf5 {[%clk 0:56:55]} 115. Re6 {[%clk 0:01:11]} Qf8+
{[%clk 0:56:36]} 116. Kd7 {[%clk 0:01:25]} Kf7 {[%clk 0:56:59]} 117. Re5
{[%clk 0:01:27]} Qb4 {[%clk 0:57:02]} 118. Rf5+ {[%clk 0:01:29]} Kg6
{[%clk 0:57:28]} 119. Rd5 {[%clk 0:01:55]} Kf6 {[%clk 0:57:48]} 120. Kc6
{[%clk 0:01:45]} Ke6 {[%clk 0:58:07]} 121. Rc5 {[%clk 0:02:16]} Qa4+
{[%clk 0:58:13]} 122. Rb5 {[%clk 0:02:23]} Qe4+ {[%clk 0:57:42]} 123. Kc5
{[%clk 0:02:31]} Ke5 {[%clk 0:56:28]} 124. Ra5 {[%clk 0:02:21]} Qe1
{[%clk 0:56:25]} 125. Rb5 {[%clk 0:02:08]} Qc3+ {[%clk 0:56:47]} 126. Kb6+
{[%clk 0:02:19]} Kd6 {[%clk 0:57:13]} 127. Ra5 {[%clk 0:02:35]} Qb4+
{[%clk 0:57:11]} 128. Rb5 {[%clk 0:02:41]} Qc4 {[%clk 0:56:36]} 129. Ra5
{[%clk 0:02:48]} Qc6+ {[%clk 0:56:29]} 130. Ka7 {[%clk 0:02:53]} Kc7
{[%clk 0:56:01]} 0-1

[Event "Open Praha 2018 - A"]
[Site "?"]
[Date "2018.01.13"]
[Round "2"]
[White "Solozhenkin, Evgeniy"]
[Black "Michalicka, Milan"]
[Result "1-0"]
[BlackElo "2179"]
[WhiteElo "2451"]
[LiveChessVersion "1.4.8"]

1. e4 {[%clk 1:30:56]} c5 {[%clk 1:30:52]} 2. Nf3 {[%clk 1:31:20]} g6
{[%clk 1:31:13]} 3. d4 {[%clk 1:31:42]} cxd4 {[%clk 1:31:33]} 4. Nxd4
{[%clk 1:32:08]} Bg7 {[%clk 1:31:47]} 5. c4 {[%clk 1:32:23]} Nc6 {[%clk 1:31:58]}
6. Be3 {[%clk 1:32:38]} Nf6 {[%clk 1:31:40]} 7. Nc3 {[%clk 1:33:02]} Ng4
{[%clk 1:31:46]} 8. Qxg4 {[%clk 1:33:19]} Nxd4 {[%clk 1:32:05]} 9. Qd1
{[%clk 1:33:34]} e5 {[%clk 1:32:24]} 10. Bd3 {[%clk 1:21:38]} O-O
{[%clk 1:32:12]} 11. O-O {[%clk 1:21:58]} d6 {[%clk 1:30:29]} 12. Qd2
{[%clk 1:19:33]} Qa5 {[%clk 1:23:06]} 13. Rab1 {[%clk 1:17:18]} Be6
{[%clk 1:20:16]} 14. b4 Qc7 {[%clk 1:19:26]} 15. Rfc1 {[%clk 1:08:08]} Rac8 16.
Nb5 {[%clk 0:31:17]} Nxb5 {[%clk 1:10:00]} 17. cxb5 {[%clk 0:31:43]} Qb8
{[%clk 1:10:08]} 18. a4 {[%clk 0:32:08]} Rfd8 {[%clk 1:03:47]} 19. Rxc8
{[%clk 0:29:25]} Rxc8 {[%clk 1:03:26]} 20. Rc1 {[%clk 0:29:09]} Rxc1+
{[%clk 1:00:03]} 21. Qxc1 {[%clk 0:29:35]} Bf6 {[%clk 0:54:53]} 22. a5
{[%clk 0:20:35]} Bd8 {[%clk 0:51:22]} 23. f3 {[%clk 0:19:26]} b6 {[%clk 0:50:28]}
24. a6 {[%clk 0:13:08]} d5 {[%clk 0:46:06]} 25. exd5 {[%clk 0:12:45]} Bxd5
{[%clk 0:46:16]} 26. Be4 {[%clk 0:12:45]} Be6 {[%clk 0:43:10]} 27. Qc6
{[%clk 0:10:24]} Kg7 {[%clk 0:38:21]} 28. Bd5 {[%clk 0:08:18]} Bxd5
{[%clk 0:35:07]} 29. Qxd5 {[%clk 0:08:46]} Bc7 {[%clk 0:34:30]} 30. Kf2
{[%clk 0:08:20]} Qd8 {[%clk 0:27:57]} 31. Qc4 {[%clk 0:07:51]} Bb8
{[%clk 0:26:48]} 32. Ke2 {[%clk 0:07:53]} Kf8 {[%clk 0:22:47]} 33. Qc6
{[%clk 0:04:59]} Kg7 {[%clk 0:19:56]} 34. g3 {[%clk 0:04:15]} h5 {[%clk 0:17:31]}
35. h4 {[%clk 0:02:34]} f6 {[%clk 0:10:39]} 36. Qe6 {[%clk 0:02:55]} Bc7
{[%clk 0:06:22]} 37. g4 {[%clk 0:02:26]} hxg4 {[%clk 0:05:16]} 38. fxg4
{[%clk 0:02:38]} e4 {[%clk 0:02:14]} 39. Qxe4 {[%clk 0:02:32]} Qd7
{[%clk 0:02:38]} 40. Qc4 {[%clk 0:01:42]} Qd6 {[%clk 0:01:14]} 41. Qc6
{[%clk 0:00:48]} Qe5 {[%clk 0:29:02]} 42. Kd3 {[%clk 0:18:41]} Kg8
{[%clk 0:23:48]} 43. Bd4 {[%clk 0:15:21]} Qg3+ {[%clk 0:23:18]} 44. Kc4
{[%clk 0:15:43]} Be5 {[%clk 0:23:16]} 45. Qa8+ {[%clk 0:14:11]} Bb8
{[%clk 0:21:03]} 46. Qd5+ {[%clk 0:14:04]} Kg7 {[%clk 0:20:17]} 47. Qd7+
{[%clk 0:11:04]} Kh6 {[%clk 0:19:55]} 48. Qd8 {[%clk 0:09:11]} 1-0

[Event "Open Praha 2018 - A"]
[Site "?"]
[Date "2018.01.13"]
[Round "2"]
[White "Ludvik, Tomas"]
[Black "Pacher, Milan"]
[Result "1/2-1/2"]
[BlackElo "2444"]
[WhiteElo "2165"]
[LiveChessVersion "1.4.8"]

1. d4 {[%clk 1:30:58]} d5 {[%clk 1:30:25]} 2. Nf3 {[%clk 1:30:37]} Bf5
{[%clk 1:30:49]} 3. c4 {[%clk 1:28:48]} e6 {[%clk 1:31:14]} 4. Nc3
{[%clk 1:28:52]} c6 {[%clk 1:30:53]} 5. e3 {[%clk 1:27:02]} Nd7 {[%clk 1:31:06]}
6. Bd3 {[%clk 1:26:56]} Bg6 {[%clk 1:31:12]} 7. O-O {[%clk 1:26:54]} Ngf6
{[%clk 1:31:28]} 8. Qe2 {[%clk 1:26:04]} Bd6 {[%clk 1:30:00]} 9. e4
{[%clk 1:24:43]} dxe4 {[%clk 1:27:31]} 10. Nxe4 {[%clk 1:25:01]} Nxe4
{[%clk 1:27:54]} 11. Bxe4 {[%clk 1:25:25]} Nf6 {[%clk 1:27:58]} 12. Bd3
{[%clk 1:21:04]} Qc7 {[%clk 1:26:32]} 13. h3 {[%clk 1:20:08]} O-O
{[%clk 1:26:04]} 14. b3 {[%clk 1:19:38]} a5 {[%clk 1:25:36]} 15. a3
{[%clk 1:16:13]} Rfe8 {[%clk 1:21:23]} 16. Bb2 {[%clk 1:15:34]} Nh5
{[%clk 1:21:08]} 17. Bxg6 {[%clk 1:13:17]} hxg6 18. Ne5 {[%clk 1:06:47]} Rad8
{[%clk 1:17:17]} 19. Rad1 {[%clk 1:04:52]} Qe7 {[%clk 1:16:22]} 20. Qf3
{[%clk 1:02:00]} Nf6 21. Bc3 {[%clk 0:51:38]} Bxa3 {[%clk 1:11:10]} 22. Bxa5
{[%clk 0:51:55]} Ra8 {[%clk 1:11:35]} 23. Bc3 {[%clk 0:51:29]} Bb4
{[%clk 1:11:37]} 24. Ra1 {[%clk 0:50:08]} Bxc3 {[%clk 1:10:30]} 25. Qxc3
{[%clk 0:50:31]} Ne4 {[%clk 1:10:54]} 26. Qd3 {[%clk 0:46:48]} Nd6
{[%clk 1:06:43]} 27. g4 {[%clk 0:41:45]} Qc7 {[%clk 1:05:16]} 28. Qc3
{[%clk 0:39:44]} Rad8 {[%clk 1:03:52]} 29. Rfe1 {[%clk 0:38:25]} g5
{[%clk 1:03:08]} 30. Ra2 {[%clk 0:35:19]} f6 {[%clk 1:02:52]} 31. Nd3
{[%clk 0:35:21]} Nf7 {[%clk 0:59:36]} 32. Rae2 {[%clk 0:32:56]} Qd6
{[%clk 0:58:57]} 33. Nc5 {[%clk 0:27:53]} Qxd4 {[%clk 0:56:40]} 34. Qxd4
{[%clk 0:26:57]} Rxd4 {[%clk 0:57:00]} 35. Rxe6 {[%clk 0:20:17]} Rxe6
{[%clk 0:57:17]} 36. Rxe6 {[%clk 0:20:03]} Ne5 {[%clk 0:57:40]} 37. Re8+
{[%clk 0:16:29]} Kh7 {[%clk 0:57:39]} 38. Rb8 {[%clk 0:15:22]} Rd1+
{[%clk 0:53:44]} 39. Kg2 {[%clk 0:15:31]} Ng6 {[%clk 0:53:36]} 40. Rxb7
{[%clk 0:09:05]} Nf4+ {[%clk 0:53:51]} 41. Kh2 {[%clk 0:04:09]} Kg6
{[%clk 0:54:11]} 42. Rc7 {[%clk 0:02:36]} Rd2 {[%clk 0:53:08]} 43. Kg3
{[%clk 0:30:27]} Rd1 {[%clk 1:23:13]} 44. Rxc6 {[%clk 0:27:12]} Rh1
{[%clk 1:22:52]} 45. Kf3 {[%clk 0:24:54]} Rxh3+ {[%clk 1:23:17]} 46. Ke4
{[%clk 0:25:19]} Rh2 {[%clk 1:23:20]} 47. Ke3 {[%clk 0:22:20]} Ng2+
{[%clk 1:23:38]} 1/2-1/2

[Event "Open Praha 2018 - A"]
[Site "?"]
[Date "2018.01.13"]
[Round "2"]
[White "Vichnar, David"]
[Black "Storme, Isak"]
[Result "1-0"]
[BlackElo "2171"]
[WhiteElo "2443"]
[LiveChessVersion "1.4.8"]

1. c4 {[%clk 1:30:58]} Nf6 {[%clk 1:24:48]} 2. g3 {[%clk 1:31:20]} e5
{[%clk 1:23:07]} 3. Bg2 {[%clk 1:31:36]} Nc6 {[%clk 1:21:50]} 4. Nc3
{[%clk 1:31:51]} Bc5 {[%clk 1:21:54]} 5. e3 {[%clk 1:30:56]} O-O {[%clk 1:21:08]}
6. Nge2 {[%clk 1:31:21]} d6 {[%clk 1:20:01]} 7. O-O {[%clk 1:28:31]} Bb6
{[%clk 1:10:08]} 8. d4 {[%clk 1:28:15]} Bf5 {[%clk 1:02:35]} 9. a3
{[%clk 1:24:53]} a5 10. b3 {[%clk 1:21:56]} Qd7 {[%clk 0:57:42]} 11. Bb2
{[%clk 1:17:34]} exd4 {[%clk 0:56:38]} 12. Nxd4 Bh3 {[%clk 0:41:31]} 13. Nxc6
{[%clk 1:16:08]} Bxg2 {[%clk 0:40:13]} 14. Kxg2 {[%clk 1:15:42]} Qxc6+
{[%clk 0:40:16]} 15. Nd5 {[%clk 1:15:56]} Nxd5 {[%clk 0:39:56]} 16. cxd5
{[%clk 1:16:20]} Qb5 {[%clk 0:39:51]} 17. a4 {[%clk 1:13:53]} Qb4
{[%clk 0:34:44]} 18. Rc1 {[%clk 1:13:09]} Qe4+ {[%clk 0:35:06]} 19. Kg1
{[%clk 1:13:36]} Bc5 {[%clk 0:34:37]} 20. Rc4 {[%clk 1:13:17]} Qe7
{[%clk 0:34:20]} 21. Qh5 {[%clk 1:08:37]} f5 {[%clk 0:32:13]} 22. Rf4
{[%clk 1:00:36]} Qf7 {[%clk 0:31:05]} 23. Qf3 {[%clk 0:59:58]} Rae8
{[%clk 0:24:16]} 24. h4 {[%clk 0:54:00]} b6 {[%clk 0:21:06]} 25. g4
{[%clk 0:50:51]} Qg6 {[%clk 0:19:40]} 26. h5 {[%clk 0:51:04]} Qg5
{[%clk 0:18:46]} 27. Rxf5 {[%clk 0:51:07]} Rxf5 {[%clk 0:19:08]} 28. Qxf5
{[%clk 0:51:31]} Qxf5 {[%clk 0:18:11]} 29. gxf5 {[%clk 0:51:55]} Re4
{[%clk 0:18:35]} 30. Kg2 {[%clk 0:50:46]} Rb4 {[%clk 0:16:53]} 31. Kf3
{[%clk 0:51:06]} Rxb3 {[%clk 0:16:45]} 32. Ba1 {[%clk 0:51:31]} Bb4
{[%clk 0:13:45]} 33. Rc1 {[%clk 0:48:54]} Ra3 {[%clk 0:13:55]} 34. Rg1
{[%clk 0:49:02]} Bc3 {[%clk 0:14:15]} 35. Bxc3 {[%clk 0:49:26]} Rxc3
{[%clk 0:14:35]} 36. h6 {[%clk 0:49:47]} g6 {[%clk 0:14:20]} 37. Kf4
{[%clk 0:48:50]} Rc5 {[%clk 0:09:19]} 38. e4 {[%clk 0:48:38]} Rc4
{[%clk 0:05:50]} 39. f3 {[%clk 0:48:19]} Rxa4 {[%clk 0:03:23]} 40. Rc1
{[%clk 0:48:30]} gxf5 {[%clk 0:01:06]} 41. Kxf5 {[%clk 0:47:13]} Ra3
{[%clk 0:25:53]} 42. Rxc7 {[%clk 1:16:17]} Rxf3+ {[%clk 0:26:16]} 43. Ke6
{[%clk 1:16:43]} a4 {[%clk 0:26:03]} 44. Kxd6 {[%clk 1:16:25]} Rf6+
{[%clk 0:26:19]} 45. Ke5 {[%clk 1:16:37]} Rxh6 {[%clk 0:26:44]} 46. d6
{[%clk 1:16:53]} Rh5+ {[%clk 0:24:35]} 47. Kf6 {[%clk 1:16:28]} Rh6+
{[%clk 0:24:49]} 48. Ke7 {[%clk 1:16:42]} 1-0